000
00346cam a2200145ua 4500
041
_a
eng
_h
082
_a
320.01
_b
LIN/PL
100
_a
Lindsay, .
245
_a
Plado`s Republic /
_c
Lindsay.
_h
Textual Documents
260
_a
London :
_b
J M Dent and Sons Ltd ,
_c
1961.
300
_a
325 ; .
504
_a
942
_c
BK
999
_c
1818
_d
1818